00421nam a22001457a 450000500170000000800410001702000150005804100120007308200120008510000120009724500750010926000350018430000310021965000250025020240925092507.0240925b |||||||| |||| 00| 0 eng d a0409006041 aEnglish a348 SOU lEnglish aThe South African Encyclopaedia of Forms and Precedents / cC Weinberg aDurban: bButterworths, c1986 bviii, 441 pages; c26 cm.  aLegal practice bLaw